Advanced reservoir engineering / (Record no. 68056)

000 -LEADER
fixed length control field 01275cam a22003134a 4500
001 - CONTROL NUMBER
control field 13678492
003 - CONTROL NUMBER IDENTIFIER
control field NUST - PNEC
005 - DATE AND TIME OF LATEST TRANSACTION
control field 20170116181040.0
008 - FIXED-LENGTH DATA ELEMENTS--GENERAL INFORMATION
fixed length control field 040805s2005 maua b 001 0 eng
010 ## - LIBRARY OF CONGRESS CONTROL NUMBER
LC control number 2004018501
020 ## - INTERNATIONAL STANDARD BOOK NUMBER
International Standard Book Number 0750677333 (acidfree paper)
040 ## - CATALOGING SOURCE
Transcribing agency LIBRARY
082 00 - DEWEY DECIMAL CLASSIFICATION NUMBER
Classification number 622.338015118 AHM
100 1# - MAIN ENTRY--PERSONAL NAME
Personal name Ahmed, Tarek H.,
Dates associated with a name 1946-
245 10 - TITLE STATEMENT
Title Advanced reservoir engineering /
Statement of responsibility, etc. Tarek Ahmed, Paul D. McKinney.
260 ## - PUBLICATION, DISTRIBUTION, ETC.
Place of publication, distribution, etc. Boston :
Name of publisher, distributor, etc. Gulf Professional Pub.,
Date of publication, distribution, etc. c2005.
300 ## - PHYSICAL DESCRIPTION
Extent 407 p. :
Other physical details ill. ;
Dimensions 27 cm.
504 ## - BIBLIOGRAPHY, ETC. NOTE
Bibliography, etc. note Includes bibliographical references (p. [397]-401) and index.
650 #0 - SUBJECT ADDED ENTRY--TOPICAL TERM
Topical term or geographic name entry element Oil reservoir engineering
General subdivision Mathematical models.
650 #0 - SUBJECT ADDED ENTRY--TOPICAL TERM
Topical term or geographic name entry element Gas engineering
General subdivision ME
650 #0 - SUBJECT ADDED ENTRY--TOPICAL TERM
Topical term or geographic name entry element Fluid dynamics
General subdivision Mathematical models.
700 1# - ADDED ENTRY--PERSONAL NAME
Personal name McKinney, Paul D.
856 42 - ELECTRONIC LOCATION AND ACCESS
Materials specified Publisher description
Uniform Resource Identifier <a href="http://www.loc.gov/catdir/description/els051/2004018501.html">http://www.loc.gov/catdir/description/els051/2004018501.html</a>
856 41 - ELECTRONIC LOCATION AND ACCESS
Materials specified Table of contents
Uniform Resource Identifier <a href="http://www.loc.gov/catdir/toc/ecip0421/2004018501.html">http://www.loc.gov/catdir/toc/ecip0421/2004018501.html</a>
856 42 - ELECTRONIC LOCATION AND ACCESS
Materials specified Book review (E-STREAMS)
Uniform Resource Identifier <a href="http://www.e-streams.com/es0803/es0803_3975.html">http://www.e-streams.com/es0803/es0803_3975.html</a>
906 ## - LOCAL DATA ELEMENT F, LDF (RLIN)
a 7
b cbc
c orignew
d 1
e ecip
f 20
g y-gencatlg
942 ## - ADDED ENTRY ELEMENTS (KOHA)
Source of classification or shelving scheme
Koha item type Book
Holdings
Withdrawn status Lost status Source of classification or shelving scheme Damaged status Not for loan Permanent Location Current Location Shelving location Date acquired Total Checkouts Full call number Barcode Date last seen Price effective from Koha item type
          Pakistan Navy Engineering College (PNEC) Pakistan Navy Engineering College (PNEC)       622.338015118 AHM PNECLIB-027234 09/21/2015   Book
© 2023 Central Library, National University of Sciences and Technology. All Rights Reserved.